000 00246nam a2200097Ia 4500
005 20251222114400.0
008 251222s1900||||xx |||||||||||||| ||spa||
082 _aDVD0060/K97/2004/Ej.2
245 0 _aLa vida es un milagro :Zivot Je Cudo
942 _cDVD
999 _c1621
_d1621